Crónica del sitio de París / (Record no. 139105)

MARC details
000 -LEADER
campo de control de longitud fija 00584nam a2200181 4500
001 - NÚMERO DE CONTROL
campo de control 139105
003 - IDENTIFICADOR DE NÚMERO DE CONTROL
campo de control ES-MaACL
005 - FECHA Y HORA DE LA ÚLTIMA TRANSACCIÓN
campo de control 20250929063206.0
007 - CAMPO FIJO DE DESCRIPCIÓN FÍSICA--INFORMACIÓN GENERAL
campo de control de longitud fija t|
008 - DATOS DE LONGITUD FIJA--INFORMACIÓN GENERAL
campo de control de longitud fija 070214n19001990sp r ||||1| spa d
100 1# - ENTRADA PRINCIPAL--NOMBRE DE PERSONA
Nombre de persona Sarcey, François,
Fechas asociadas al nombre 1827-1899
9 (RLIN) 103783
245 10 - MENCIÓN DEL TÍTULO
Título Crónica del sitio de París /
Mención de responsabilidad, etc. François Sarcey ; traducción de Francisco Lombardía.
260 ## - PUBLICACIÓN, DISTRIBUCIÓN, ETC.
Lugar de publicación, distribución, etc. Madrid :
Nombre del editor, distribuidor, etc. [s.n.],
Fecha de publicación, distribución, etc. [19__?] (
Fabricante Imp. San Francisco de Sales)
300 ## - DESCRIPCIÓN FÍSICA
Extensión 325 p. ;
Dimensiones 23 cm.
700 1# - ENTRADA AGREGADA--NOMBRE PERSONAL
Nombre de persona Lombardía, Francisco.
9 (RLIN) 73190
852 ## - LOCALIZACIÓN
Ubicación ES-MaACL
Número de control de estantería F-14854
Holdings
Estatus retirado Estado de pérdida Estado de daño No para préstamo Biblioteca de origen Biblioteca actual Ubicación en estantería Fecha de adquisición Fuente de adquisición Total de préstamos Signatura topográfica completa Código de barras Visto por última vez Precio de reemplazo Tipo de ítem Koha
        Biblioteca del Ateneo de Madrid Biblioteca del Ateneo de Madrid Sala Pecera Planta 2 17/01/2008     F-14854 1144758 23/02/2023 23/02/2023 Libro impreso